[Event "Karnevalsopen"]
[Site "Solingen"]
[Date "2010.02.13"]
[Round "3"]
[White "Biedeköpper, Robert"]
[Black "Pitz, Marco"]
[Result "1-0"]
[WhiteElo "2105"]
[BlackElo "1697"]
[PlyCount "85"]
[EventDate "2010.02.14"]
[EventType "swiss"]
[EventRounds "5"]
[EventCountry "GER"]

1. c4 f5 2. g3 Nf6 3. Bg2 e6 4. b3 Be7 5. Bb2 d6 6. d4 O-O 7. Nd2 f4 8. Nh3
fxg3 9. hxg3 Nc6 10. Nf3 Ne4 11. Qc2 d5 12. Ne5 Bb4+ 13. Kd1 Qf6 14. Bxe4 dxe4
15. Qxe4 Qf5 16. Qxf5 exf5 17. Nxc6 bxc6 18. c5 Rd8 19. Kc2 Re8 20. e3 f4 21.
Nxf4 Bf5+ 22. Kc1 Be4 23. Rg1 Rf8 24. a3 g5 25. Nh3 Bf5 26. g4 Be4 27. axb4 h6
28. f4 Rae8 29. Rxa7 Bd5 30. Kd2 Bxb3 31. d5 Rf7 32. dxc6 Rd8+ 33. Bd4 gxf4 34.
Nxf4 Rxf4 35. exf4 Rxd4+ 36. Kc3 Rxf4 37. Kxb3 Rf3+ 38. Ka4 Rf2 39. Kb5 Rf7 40.
g5 hxg5 41. Rxg5+ Kh7 42. Ra1 Kh6 43. Rg2 1-0

[Event "Karnevalsopen"]
[Site "Solingen"]
[Date "2010.02.13"]
[Round "3"]
[White "Wastian, Hans-Georg"]
[Black "Eulering, Georg"]
[Result "0-1"]
[WhiteElo "1702"]
[BlackElo "2094"]
[PlyCount "62"]
[EventDate "2010.02.14"]
[EventType "swiss"]
[EventRounds "5"]
[EventCountry "GER"]

1. d4 Nf6 2. c4 e6 3. Nf3 Bb4+ 4. Bd2 Qe7 5. a3 Bxd2+ 6. Nbxd2 d6 7. e4 e5 8.
Bd3 O-O 9. O-O Bg4 10. Qc2 Nbd7 11. b4 b6 12. Rab1 Nh5 13. g3 g6 14. dxe5 dxe5
15. Nh4 Nf4 16. Ng2 Ne6 17. Nb3 Bh3 18. Rfc1 Bxg2 19. Kxg2 c5 20. b5 Nd4 21.
Nxd4 cxd4 22. a4 Nc5 23. Rf1 f5 24. f4 Qb7 25. Rbe1 Rae8 26. Kg1 exf4 27. exf5
fxg3 28. hxg3 Rxe1 29. Rxe1 Qf3 30. Be4 Qxg3+ 31. Kh1 Qxe1+ 0-1

[Event "Karnevalsopen"]
[Site "Solingen"]
[Date "2010.02.13"]
[Round "3"]
[White "Henrichs, Wenke"]
[Black "Hobusch, Jan"]
[Result "1/2-1/2"]
[WhiteElo "2048"]
[BlackElo "1714"]
[PlyCount "56"]
[EventDate "2010.02.14"]
[EventType "swiss"]
[EventRounds "5"]
[EventCountry "GER"]

1. d4 d5 2. c4 c6 3. Nc3 Nf6 4. Bf4 e6 5. Nf3 dxc4 6. a4 Bb4 7. Qc2 Qa5 8. e4
Bxc3+ 9. bxc3 Nxe4 10. Bxc4 Qxc3+ 11. Qxc3 Nxc3 12. Bd6 Ne4 13. Ba3 Nd7 14. O-O
b6 15. Rfe1 Nef6 16. Rac1 c5 17. dxc5 Nxc5 18. Bxc5 bxc5 19. Bb5+ Bd7 20. Rxc5
O-O 21. h3 Rfc8 22. Rxc8+ Rxc8 23. Bxd7 Nxd7 24. Rb1 Rc7 25. Rb5 h6 26. Ra5 Nb6
27. g3 Rc4 28. Rxa7 Rxa4 1/2-1/2

[Event "Karnevalsopen"]
[Site "Solingen"]
[Date "2010.02.13"]
[Round "3"]
[White "Fränzel, Marius"]
[Black "Speck, Stefan"]
[Result "0-1"]
[WhiteElo "1694"]
[BlackElo "2031"]
[PlyCount "56"]
[EventDate "2010.02.14"]
[EventType "swiss"]
[EventRounds "5"]
[EventCountry "GER"]

1. e4 Nf6 2. e5 Nd5 3. d4 d6 4. exd6 cxd6 5. c4 Nb6 6. Nc3 g6 7. Be3 Bg7 8. Nf3
O-O 9. b3 Nc6 10. Rc1 Nd7 11. Qd2 Re8 12. Be2 Nf6 13. O-O b6 14. d5 Nb8 15.
Rfd1 Bb7 16. Ng5 Nbd7 17. Nge4 Nxe4 18. Nxe4 Qc7 19. f4 Rad8 20. Ng3 f5 21. Kh1
e5 22. dxe6 Nc5 23. Bxc5 dxc5 24. Qe3 Bd4 25. Rxd4 cxd4 26. Qd3 Qxf4 27. Rf1
Qe3 28. Nxf5 Qxd3 0-1

[Event "Karnevalsopen"]
[Site "Solingen"]
[Date "2010.02.13"]
[Round "3"]
[White "Coenen, Siegfried"]
[Black "Krenz, Tomas"]
[Result "1-0"]
[WhiteElo "2020"]
[BlackElo "1632"]
[PlyCount "61"]
[EventDate "2010.02.14"]
[EventType "swiss"]
[EventRounds "5"]
[EventCountry "GER"]

1. e4 c6 2. d4 d5 3. Nc3 dxe4 4. Nxe4 Bf5 5. Ng3 Bg6 6. h4 h6 7. Nf3 Nd7 8. h5
Bh7 9. Bd3 Bxd3 10. Qxd3 Ngf6 11. Bd2 e6 12. c4 Bd6 13. Nf1 Bc7 14. Qc2 Qe7 15.
Ne3 Rd8 16. Kf1 O-O 17. Re1 Nb6 18. a3 Qd7 19. Bb4 Rfe8 20. g4 Nh7 21. a4 Nc8
22. g5 hxg5 23. h6 f6 24. hxg7 Qxg7 25. Ng4 Rd7 26. Rxh7 Qxh7 27. Nxf6+ Kh8 28.
Nxh7 Rxh7 29. Qg6 Rg8 30. Qf6+ Rgg7 31. Rxe6 1-0

[Event "Karnevalsopen"]
[Site "Solingen"]
[Date "2010.02.13"]
[Round "3"]
[White "Falge, Rainer"]
[Black "Winkler, Fabian"]
[Result "0-1"]
[WhiteElo "1599"]
[BlackElo "2002"]
[PlyCount "78"]
[EventDate "2010.02.14"]
[EventType "swiss"]
[EventRounds "5"]
[EventCountry "GER"]

1. e4 c5 2. Nf3 d6 3. d4 cxd4 4. Nxd4 Nf6 5. Nc3 e6 6. Bd3 Be7 7. O-O O-O 8.
Be3 a6 9. a4 Qc7 10. f4 Nc6 11. Nf3 b6 12. h3 Re8 13. g4 Na5 14. e5 Nd7 15. Qe2
d5 16. g5 Bc5 17. Nd1 Nc6 18. c3 a5 19. Qc2 g6 20. h4 Ne7 21. h5 Kg7 22. hxg6
hxg6 23. Nd4 Bxd4 24. Bxd4 Bb7 25. Ne3 Ba6 26. f5 Nxf5 27. Nxf5+ gxf5 28. Bxa6
Rxa6 29. Qe2 Raa8 30. Kg2 Kg6 31. Rad1 Rh8 32. Rh1 Nc5 33. Rxh8 Rxh8 34. Qe3
Qe7 35. Bxc5 bxc5 36. Rg1 Rh4 37. Kf2 d4 38. Qd3 Qb7 39. Qc2 Rh2+ 0-1

[Event "Karnevalsopen"]
[Site "Solingen"]
[Date "2010.02.13"]
[Round "3"]
[White "Kuhn, Andreas"]
[Black "Rieger, Isabelle"]
[Result "1-0"]
[WhiteElo "1965"]
[BlackElo "1426"]
[PlyCount "103"]
[EventDate "2010.02.14"]
[EventType "swiss"]
[EventRounds "5"]
[EventCountry "GER"]

1. Nf3 Nf6 2. c4 g6 3. g3 Bg7 4. Bg2 d6 5. d4 O-O 6. O-O Nc6 7. h3 e5 8. d5 Ne7
9. Nc3 Nd7 10. e4 f5 11. exf5 gxf5 12. Ng5 Nf6 13. Re1 h6 14. Ne6 Bxe6 15. dxe6
Rb8 16. Be3 a6 17. Qd2 Kh7 18. Qc2 c6 19. g4 Ne8 20. Rad1 Qc8 21. f4 Qxe6 22.
fxe5 Bxe5 23. Bf4 Kg7 24. Qe2 Ng6 25. gxf5 Qxf5 26. Bxe5+ Nxe5 27. Ne4 Nf3+ 28.
Bxf3 Qxf3 29. Qxf3 Rxf3 30. Kg2 Rf4 31. Kg3 Rf5 32. Nxd6 Nxd6 33. Rxd6 Rbf8 34.
Re7+ R8f7 35. Rxf7+ Rxf7 36. Kg4 Rf6 37. Rd7+ Rf7 38. Rxf7+ Kxf7 39. Kf5 a5 40.
c5 a4 41. h4 Kg7 42. h5 Kf7 43. b3 a3 44. b4 Kg7 45. Ke6 Kf8 46. Kf6 Kg8 47.
Kg6 Kh8 48. Kxh6 Kg8 49. Kg6 Kh8 50. h6 Kg8 51. h7+ Kh8 52. Kh6 1-0

[Event "Karnevalsopen"]
[Site "Solingen"]
[Date "2010.02.13"]
[Round "3"]
[White "Porstmann, Jan"]
[Black "Fichtner, Ewald"]
[Result "0-1"]
[WhiteElo "1562"]
[BlackElo "1956"]
[PlyCount "108"]
[EventDate "2010.02.14"]
[EventType "swiss"]
[EventRounds "5"]
[EventCountry "GER"]

1. e4 c6 2. d4 d5 3. Nc3 dxe4 4. Nxe4 Bf5 5. Nc5 b6 6. Nb3 e6 7. Nf3 a5 8. a3
Nf6 9. g3 Bd6 10. Bg2 O-O 11. O-O Ra7 12. Re1 Nfd7 13. Nbd2 b5 14. c4 h6 15.
Qe2 b4 16. c5 Bc7 17. axb4 Na6 18. Nh4 Nxb4 19. Ne4 Bh7 20. Qc4 Nf6 21. Bd2 Rb7
22. Nxf6+ Qxf6 23. Be4 Rd8 24. Bc3 Bxe4 25. Rxe4 Nd5 26. Ng2 Rdb8 27. Ra2 Qf5
28. Re1 Nf6 29. Nh4 Qh5 30. Qe2 Qd5 31. Ra3 Rb3 32. Rxb3 Qxb3 33. Ra1 Ra8 34.
Qf3 Nd5 35. Ra3 Qb5 36. Kg2 g5 37. Qh5 Kg7 38. Nf3 Qe2 39. Qh3 Ne3+ 40. Kg1 Nc2
41. d5+ f6 42. Bxf6+ Kg6 43. d6 Nxa3 44. dxc7 Qxf3 45. Qxe6 Qxf6 46. c8=Q Rxc8
47. Qxc8 Nb5 48. Qe8+ Kf5 49. Qd7+ Ke5 50. Qd2 Ke6 51. Qxa5 Qxb2 52. Qe1+ Qe5
53. Qb1 Nd4 54. Qg6+ Kd5 0-1

[Event "Karnevalsopen"]
[Site "Solingen"]
[Date "2010.02.13"]
[Round "3"]
[White "Maczkowiak, Thomas"]
[Black "Wastian, Jan"]
[Result "1-0"]
[WhiteElo "1943"]
[BlackElo "1391"]
[PlyCount "35"]
[EventDate "2010.02.14"]
[EventType "swiss"]
[EventRounds "5"]
[EventCountry "GER"]

1. Nf3 d5 2. g3 Bf5 3. Bg2 e6 4. O-O Nf6 5. d3 Be7 6. Nbd2 c5 7. b3 Nc6 8. Bb2
O-O 9. Re1 d4 10. e4 dxe3 11. fxe3 e5 12. Nxe5 Nxe5 13. Bxe5 Bg4 14. Bf3 Bh3
15. Bxb7 Re8 16. Bxa8 Qxa8 17. Qf3 Qb8 18. Bxb8 1-0

[Event "Karnevalsopen"]
[Site "Solingen"]
[Date "2010.02.13"]
[Round "3"]
[White "Ramakers, Andre"]
[Black "Ortleb, Thomas"]
[Result "0-1"]
[WhiteElo "1353"]
[BlackElo "1896"]
[PlyCount "80"]
[EventDate "2010.02.14"]
[EventType "swiss"]
[EventRounds "5"]
[EventCountry "GER"]

1. c4 c6 2. Nc3 d5 3. cxd5 cxd5 4. d4 Nf6 5. g3 Nc6 6. Nf3 Bf5 7. a3 e6 8. Bf4
Bd6 9. Ne5 O-O 10. Bg2 a6 11. O-O Qc7 12. Rc1 h6 13. Qd2 Qe7 14. Rfe1 Bxe5 15.
Bxe5 Nxe5 16. dxe5 Nd7 17. Qf4 Bh7 18. e4 d4 19. Ne2 Nc5 20. Qd2 Nb3 21. Qd3
Nxc1 22. Rxc1 Rac8 23. Qxd4 Rxc1+ 24. Nxc1 Rd8 25. Qc4 Qd7 26. Bf3 Rc8 27. Qf1
Qd4 28. Ne2 Qxb2 29. Kg2 Qxe5 30. Qb1 b5 31. Qd3 g5 32. Qd7 Rc7 33. Qd8+ Kg7
34. h4 Bxe4 35. hxg5 Bxf3+ 36. Kxf3 hxg5 37. Kg2 Qe4+ 38. Kg1 Rc5 39. Qe7 Rd5
40. Kf1 Rd1# 0-1

[Event "Karnevalsopen"]
[Site "Solingen"]
[Date "2010.02.13"]
[Round "3"]
[White "Westendorp, Christian"]
[Black "Kaplun, David"]
[Result "1-0"]
[WhiteElo "1829"]
[BlackElo "1820"]
[PlyCount "71"]
[EventDate "2010.02.14"]
[EventType "swiss"]
[EventRounds "5"]
[EventCountry "GER"]

1. d4 d5 2. c4 e6 3. Nc3 Nf6 4. Bg5 Nbd7 5. cxd5 exd5 6. Nxd5 Nxd5 7. Bxd8 Bb4+
8. Qd2 Bxd2+ 9. Kxd2 Kxd8 10. e4 N5b6 11. a4 Nf6 12. e5 Ne8 13. a5 Nd5 14. Bc4
Be6 15. a6 b6 16. Bb5 Bd7 17. Bc4 c6 18. Ne2 Nec7 19. Nc3 Nxc3 20. bxc3 Be6 21.
Bd3 h6 22. f4 Ke7 23. f5 Bd7 24. Rae1 Rhe8 25. Re3 Kf8 26. Rf1 Kg8 27. f6 g6
28. Bxg6 c5 29. Be4 Rad8 30. Rg3+ Kh8 31. Rg7 Bb5 32. Rf4 Rxe5 33. Rh7+ Kg8 34.
Rxh6 Rxe4 35. Rxe4 Nd5 36. Rg4+ 1-0

[Event "Karnevalsopen"]
[Site "Solingen"]
[Date "2010.02.13"]
[Round "3"]
[White "Tanz, Manfred"]
[Black "Granz, Thomas"]
[Result "0-1"]
[WhiteElo "1383"]
[BlackElo "1735"]
[PlyCount "126"]
[EventDate "2010.02.14"]
[EventType "swiss"]
[EventRounds "5"]
[EventCountry "GER"]

1. d4 c5 2. d5 Nf6 3. Nc3 d6 4. e4 e6 5. g3 exd5 6. exd5 Be7 7. Bg2 O-O 8. Nge2
Bf5 9. O-O Nbd7 10. Re1 Ne5 11. Nf4 Qd7 12. Qe2 a6 13. Be3 Rac8 14. f3 h5 15.
h4 Rfe8 16. Nd1 b5 17. Nf2 Nc4 18. Bc1 Bd8 19. Ne4 Nxe4 20. fxe4 Bg4 21. Qf2
Bf6 22. Kh2 Bd4 23. Qf1 Nxb2 24. Rb1 Nc4 25. Bf3 Ne5 26. Bg2 Bc3 27. Re3 b4 28.
Ne2 Bxe2 29. Rxe2 Ng4+ 30. Kh1 Qa4 31. Bb2 Bxb2 32. Rxb2 Qa3 33. Rb3 Qxa2 34.
Rf3 Ne5 35. Rf5 g6 36. Rff2 Qa3 37. Bf3 c4 38. Kg2 b3 39. cxb3 cxb3 40. Qb1 a5
41. Re3 a4 42. Be2 Rc1 43. Qxc1 Qxc1 44. Bb5 Qxe3 45. Bxe8 Qxf2+ 46. Kxf2 b2
47. Bxa4 b1=Q 48. Bc6 Qc2+ 49. Ke3 Nxc6 50. dxc6 Qxc6 51. Kf4 Kg7 52. Kf3 f5
53. g4 Qxe4+ 54. Kf2 Qxg4 55. Ke3 f4+ 56. Ke4 d5+ 57. Kxd5 f3 58. Ke5 f2 59.
Kd5 f1=Q 60. Kd6 Qd3+ 61. Kc6 Qgc4+ 62. Kb7 Qdb3+ 63. Ka7 Qca4# 0-1

[Event "Karnevalsopen"]
[Site "Solingen"]
[Date "2010.02.14"]
[Round "4"]
[White "Mladenov, Svetlin"]
[Black "Michalczak, Thomas"]
[Result "1-0"]
[WhiteElo "2458"]
[BlackElo "2363"]
[PlyCount "51"]
[EventDate "2010.02.14"]
[EventType "swiss"]
[EventRounds "5"]
[EventCountry "GER"]

1. e4 e5 2. Nf3 Nc6 3. Bb5 a6 4. Ba4 Nf6 5. O-O Be7 6. Re1 b5 7. Bb3 d6 8. c3
O-O 9. h3 Na5 10. Bc2 c5 11. d4 Qc7 12. Nbd2 cxd4 13. cxd4 Nc6 14. Nb3 a5 15.
Be3 a4 16. Nbd2 Bd7 17. Rc1 Qb7 18. a3 Rfc8 19. Qe2 Rab8 20. Bd3 Be8 21. Nf1 d5
22. exd5 Nxd4 23. Nxd4 exd4 24. Bf4 Nxd5 25. Bxb8 Rxb8 26. Be4 1-0

[Event "Karnevalsopen"]
[Site "Solingen"]
[Date "2010.02.14"]
[Round "4"]
[White "Seger, Rüdiger"]
[Black "Wegerle, Jörg"]
[Result "1-0"]
[WhiteElo "2407"]
[BlackElo "2450"]
[PlyCount "101"]
[EventDate "2010.02.14"]
[EventType "swiss"]
[EventRounds "5"]
[EventCountry "GER"]

1. e4 e6 2. d4 d5 3. Nd2 dxe4 4. Nxe4 Bd7 5. Nf3 Bc6 6. Bd3 Bxe4 7. Bxe4 c6 8.
c3 Nf6 9. Bc2 Nbd7 10. O-O Qc7 11. Re1 Bd6 12. Qe2 Bf4 13. Ne5 Bxc1 14. Raxc1
O-O 15. Rcd1 Rad8 16. g3 g6 17. h4 Nxe5 18. dxe5 Nh5 19. Qe3 Rxd1 20. Bxd1 Ng7
21. Qxa7 Nf5 22. Bc2 Rd8 23. Bxf5 exf5 24. Qe3 Qe7 25. b3 Kg7 26. e6 Qxe6 27.
Qxe6 fxe6 28. Rxe6 Kf7 29. Re2 Kf6 30. Kg2 h6 31. Rc2 g5 32. hxg5+ hxg5 33. Kf3
Ke5 34. Ke2 f4 35. gxf4+ Kxf4 36. Rd2 Re8+ 37. Kf1 Re5 38. Rd7 Ra5 39. a4 b5
40. axb5 Rxb5 41. b4 Re5 42. Rd4+ Kf3 43. Rd3+ Kf4 44. Kg2 c5 45. Rf3+ Kg4 46.
Re3 Rd5 47. c4 Rd4 48. bxc5 Rxc4 49. Re4+ Rxe4 50. f3+ Kf5 51. fxe4+ 1-0

[Event "Karnevalsopen"]
[Site "Solingen"]
[Date "2010.02.14"]
[Round "4"]
[White "Helbig, Mark"]
[Black "Zaitsev, Mikhail"]
[Result "1/2-1/2"]
[WhiteElo "2362"]
[BlackElo "2500"]
[PlyCount "87"]
[EventDate "2010.02.14"]
[EventType "swiss"]
[EventRounds "5"]
[EventCountry "GER"]

1. Nf3 d5 2. c4 c6 3. d4 Nf6 4. Nc3 e6 5. Bg5 h6 6. Bh4 dxc4 7. e4 g5 8. Bg3 b5
9. Be2 Bb7 10. h4 g4 11. Ne5 Nbd7 12. O-O Nxe5 13. Bxe5 Rg8 14. f4 Nd7 15. Bxg4
Qxh4 16. Bh5 Nxe5 17. fxe5 O-O-O 18. Bxf7 Bc5 19. dxc5 Rxd1 20. Raxd1 Rg7 21.
Bxe6+ Kc7 22. Bh3 Bc8 23. e6 Qg5 24. Nd5+ cxd5 25. exd5 Bxe6 26. dxe6 b4 27.
Rf7+ Kc6 28. e7 Qe3+ 29. Kh1 Rxf7 30. Bd7+ Kxc5 31. e8=Q Qxe8 32. Bxe8 Rf2 33.
Rb1 a5 34. Kg1 Rd2 35. Bf7 Kd4 36. Rc1 c3 37. bxc3+ bxc3 38. Bb3 Kd3 39. Kh2 c2
40. Kh3 Kc3 41. g4 Kb2 42. Rxc2+ Rxc2 43. Bxc2 Kxc2 44. Kh4 1/2-1/2

[Event "Karnevalsopen"]
[Site "Solingen"]
[Date "2010.02.14"]
[Round "4"]
[White "Görke, Joachim"]
[Black "Menacher, Manfred"]
[Result "0-1"]
[WhiteElo "2162"]
[BlackElo "2264"]
[PlyCount "62"]
[EventDate "2010.02.14"]
[EventType "swiss"]
[EventRounds "5"]
[EventCountry "GER"]

1. d4 Nf6 2. c4 Nc6 3. Nc3 e5 4. d5 Ne7 5. e4 Ng6 6. Bd3 Bc5 7. Bg5 h6 8. Bd2
a6 9. h3 d6 10. Nge2 Nh4 11. Rh2 Nh5 12. Qc2 Qf6 13. f4 Nxf4 14. Nxf4 g5 15. b4
Ba7 16. Nce2 gxf4 17. O-O-O Rg8 18. c5 Qe7 19. Qa4+ Kf8 20. Nxf4 exf4 21. Bxf4
Qf6 22. Rf1 Qc3+ 23. Bc2 Qc4 24. Rf2 Ke7 25. g3 Ng6 26. cxd6+ cxd6 27. Bxd6+
Kxd6 28. Rxf7 Be3+ 29. Kb1 Ne5 30. Rf6+ Ke7 31. Rxh6 Bxh6 0-1

[Event "Karnevalsopen"]
[Site "Solingen"]
[Date "2010.02.14"]
[Round "4"]
[White "Eulering, Georg"]
[Black "Henrichs, Thomas"]
[Result "0-1"]
[WhiteElo "2094"]
[BlackElo "2471"]
[PlyCount "70"]
[EventDate "2010.02.14"]
[EventType "swiss"]
[EventRounds "5"]
[EventCountry "GER"]

1. e4 g6 2. d4 Bg7 3. f4 d6 4. Nf3 Nf6 5. Nc3 c5 6. dxc5 Qa5 7. Qd4 dxc5 8.
Bb5+ Qxb5 9. Qxf6 Bxf6 10. Nxb5 Na6 11. O-O Bd7 12. a4 Bc6 13. e5 Bg7 14. Be3
O-O 15. c3 Rfc8 16. Kf2 b6 17. Rfd1 Nb8 18. c4 Na6 19. Rd2 Nb4 20. Rad1 Be8 21.
Nc3 Nc6 22. Nd5 Kf8 23. b3 Rab8 24. Ng5 h6 25. Ne4 Rb7 26. g4 g5 27. fxg5 Nxe5
28. gxh6 Nxg4+ 29. Kf3 Nxh6 30. Rg2 Nf5 31. Rxg7 Kxg7 32. Rg1+ Kh8 33. Kf4 Nxe3
34. Nxe3 Rc6 35. Nd5 Rg6 0-1

[Event "Karnevalsopen"]
[Site "Solingen"]
[Date "2010.02.14"]
[Round "4"]
[White "Nagel, Bernhard"]
[Black "Coenen, Siegfried"]
[Result "1-0"]
[WhiteElo "2264"]
[BlackElo "2020"]
[PlyCount "97"]
[EventDate "2010.02.14"]
[EventType "swiss"]
[EventRounds "5"]
[EventCountry "GER"]

1. d4 Nf6 2. Nf3 e6 3. c4 b6 4. g3 Bb7 5. Bg2 Be7 6. Nc3 O-O 7. Qc2 d5 8. cxd5
Nxd5 9. O-O Nd7 10. Nxd5 Bxd5 11. e4 Bb7 12. Rd1 Nf6 13. Ne5 c5 14. dxc5 Qc7
15. c6 Rac8 16. Qc3 Ba8 17. Be3 Bb4 18. Qxb4 Qxe5 19. Bd4 Qh5 20. Bxf6 gxf6 21.
Qe7 Qe5 22. Qxa7 Rxc6 23. b4 Rc2 24. Qxb6 Bxe4 25. Re1 Re2 26. Bf1 Rb8 27. Qc5
Qxc5 28. bxc5 Rxe1 29. Rxe1 Bd5 30. Rc1 Bc6 31. Bg2 Rc8 32. Bxc6 Rxc6 33. Kf1
Kf8 34. Ke2 Ke7 35. Kd3 Ra6 36. Rc2 Kd7 37. Kc4 Kc6 38. Kb3 Ra8 39. Rc3 h5 40.
Rc4 Ra5 41. a4 Rxc5 42. Kb4 Rxc4+ 43. Kxc4 Kb6 44. h4 f5 45. Kb4 e5 46. Kc4 Kc6
47. a5 f4 48. gxf4 exf4 49. f3 1-0

[Event "Karnevalsopen"]
[Site "Solingen"]
[Date "2010.02.14"]
[Round "4"]
[White "Speck, Stefan"]
[Black "Wolter, Kai"]
[Result "0-1"]
[WhiteElo "2031"]
[BlackElo "2203"]
[PlyCount "112"]
[EventDate "2010.02.14"]
[EventType "swiss"]
[EventRounds "5"]
[EventCountry "GER"]

1. d4 Nf6 2. c4 g6 3. Nc3 Bg7 4. e4 d6 5. Be2 O-O 6. Bg5 Na6 7. f4 c6 8. e5 Ne8
9. Nf3 Nac7 10. Qd2 Ne6 11. O-O-O Nxg5 12. Nxg5 dxe5 13. dxe5 Qxd2+ 14. Rxd2
Nc7 15. Rhd1 f6 16. exf6 exf6 17. Nf3 Ne6 18. g3 f5 19. Kc2 Nc5 20. Rd8 a5 21.
Rxf8+ Kxf8 22. Ng5 h6 23. Nf3 Be6 24. a3 Bf7 25. Na2 Re8 26. Nc1 Bf6 27. b4
axb4 28. axb4 Na6 29. b5 cxb5 30. cxb5 Nc5 31. Kd2 Ne4+ 32. Ke1 Nc3 33. Rd6 Be7
34. Rd7 Ba3 35. Rc7 Nxb5 36. Rxf7+ Kxf7 37. Ne5+ Rxe5 38. fxe5 Nd4 39. Bc4+ Ke7
40. Nd3 Nf3+ 41. Ke2 Nxh2 42. Nf4 g5 43. Ng6+ Kd8 44. Be6 h5 45. Bxf5 b5 46. e6
Bd6 47. Bd3 b4 48. Ke3 Ng4+ 49. Kd4 Nf6 50. Ne5 Bxe5+ 51. Kxe5 Ke7 52. Kf5 h4
53. gxh4 gxh4 54. Kf4 b3 55. Bc4 b2 56. Ba2 Nd5+ 0-1

[Event "Karnevalsopen"]
[Site "Solingen"]
[Date "2010.02.14"]
[Round "4"]
[White "Flesch, Stefan"]
[Black "Maczkowiak, Thomas"]
[Result "1/2-1/2"]
[WhiteElo "2134"]
[BlackElo "1943"]
[PlyCount "63"]
[EventDate "2010.02.14"]
[EventType "swiss"]
[EventRounds "5"]
[EventCountry "GER"]

1. d4 Nf6 2. c4 g6 3. Nc3 d5 4. e3 Bg7 5. Qb3 dxc4 6. Bxc4 O-O 7. Nf3 Nc6 8.
Be2 Na5 9. Qc2 c5 10. dxc5 Be6 11. Nd4 Bd5 12. Nxd5 Nxd5 13. O-O e5 14. Nb3 Nb4
15. Qd2 Nxb3 16. axb3 a5 17. e4 Qc7 18. Qd6 Qxd6 19. cxd6 Nc2 20. Rb1 Nd4 21.
Bc4 Rad8 22. Bg5 Rd7 23. Rfd1 h6 24. Be7 Re8 25. Kf1 Bf8 26. Bd5 Bxe7 27. dxe7
Rexe7 28. Rbc1 Rc7 29. Rxc7 Rxc7 30. f4 Nc2 31. Kf2 exf4 32. Rc1 1/2-1/2

[Event "Karnevalsopen"]
[Site "Solingen"]
[Date "2010.02.14"]
[Round "4"]
[White "Winkler, Fabian"]
[Black "Klamp, Christoph"]
[Result "0-1"]
[WhiteElo "2002"]
[BlackElo "2129"]
[PlyCount "38"]
[EventDate "2010.02.14"]
[EventType "swiss"]
[EventRounds "5"]
[EventCountry "GER"]

1. d4 f5 2. c4 Nf6 3. g3 d6 4. Bg2 e6 5. Nc3 Be7 6. Nf3 O-O 7. O-O Ne4 8. d5
Nxc3 9. bxc3 e5 10. e4 Qe8 11. Nd2 Qg6 12. Qc2 f4 13. Nf3 Na6 14. Ba3 Qh5 15.
Rab1 Bg4 16. Qd3 b6 17. h3 Bxh3 18. Nh4 Bg4 19. f3 fxg3 0-1

[Event "Karnevalsopen"]
[Site "Solingen"]
[Date "2010.02.14"]
[Round "4"]
[White "Taeger, Torsten"]
[Black "Lasschuit, René"]
[Result "1-0"]
[WhiteElo "2120"]
[BlackElo "1881"]
[PlyCount "125"]
[EventDate "2010.02.14"]
[EventType "swiss"]
[EventRounds "5"]
[EventCountry "GER"]

1. e4 e6 2. d3 d5 3. Nd2 Nf6 4. Ngf3 c5 5. g3 Nc6 6. Bg2 Be7 7. O-O b6 8. Re1
Bb7 9. e5 Nd7 10. Nf1 g5 11. h3 h5 12. c3 g4 13. hxg4 hxg4 14. N3h2 Ndxe5 15.
Nxg4 Nxg4 16. Qxg4 Qd7 17. Qg7 Rf8 18. a3 O-O-O 19. b4 d4 20. b5 Na5 21. c4
Bxg2 22. Kxg2 Qb7+ 23. f3 Nb3 24. Ra2 Nxc1 25. Rxc1 Bd6 26. Kf2 Rg8 27. Qh7 Rg6
28. Re2 Rdg8 29. f4 R8g7 30. Qh5 Rg4 31. Re4 Kb8 32. a4 Bc7 33. Rd1 Qc8 34.
Rde1 Qg8 35. Qh1 R4g6 36. Qf3 Rh7 37. Rd1 Rgh6 38. Ke1 Rg7 39. Rd2 Rf6 40. Rg2
Rh6 41. Ree2 Qc8 42. Rh2 Rhg6 43. Rh5 Rg8 44. Rh7 R6g7 45. Rxg7 Rxg7 46. Qe4
Rg8 47. Rh2 f5 48. Qf3 e5 49. fxe5 Bxe5 50. Rh7 Rg7 51. Rxg7 Bxg7 52. Qf4+ Kb7
53. Qd6 Qe8+ 54. Kf2 Kc8 55. Qd5 Be5 56. Nd2 Bxg3+ 57. Kxg3 Qe3+ 58. Nf3 Qxd3
59. Qa8+ Kc7 60. Qxa7+ Kd6 61. Qxb6+ Kd7 62. Qxc5 f4+ 63. Kxf4 1-0

[Event "Karnevalsopen"]
[Site "Solingen"]
[Date "2010.02.14"]
[Round "4"]
[White "Ortleb, Thomas"]
[Black "Biedeköpper, Robert"]
[Result "0-1"]
[WhiteElo "1896"]
[BlackElo "2105"]
[PlyCount "84"]
[EventDate "2010.02.14"]
[EventType "swiss"]
[EventRounds "5"]
[EventCountry "GER"]

1. d4 Nf6 2. Bf4 g6 3. Nf3 Bg7 4. e3 O-O 5. c3 d6 6. Bd3 c5 7. Nbd2 Nc6 8. h3
Re8 9. Bh2 cxd4 10. exd4 e5 11. dxe5 dxe5 12. Ne4 Nxe4 13. Bxe4 Qb6 14. Qb3 Be6
15. Qxb6 axb6 16. a3 f5 17. Bc2 e4 18. Nd2 Bh6 19. Bc7 e3 20. Nf3 Bc4 21. Bd1
e2 22. Bc2 b5 23. Nd2 Bd5 24. Rg1 b4 25. Bd3 bxc3 26. bxc3 Rac8 27. Bb6 Ne5 28.
Bb5 Re6 29. Bd4 Nc6 30. Bb6 Bg7 31. Rc1 Ne5 32. Be3 Bc4 33. Nxc4 Nxc4 34. Bd7
Rce8 35. Bxe6+ Rxe6 36. Bd4 Nb2 37. Kd2 Bh6+ 38. Be3 f4 39. Bd4 f3+ 40. Be3
Rd6+ 41. Kc2 Bxe3 42. Kxb2 Bxc1+ 0-1

[Event "Karnevalsopen"]
[Site "Solingen"]
[Date "2010.02.14"]
[Round "4"]
[White "Fichtner, Ewald"]
[Black "Henrichs, Wenke"]
[Result "0-1"]
[WhiteElo "1956"]
[BlackElo "2048"]
[PlyCount "62"]
[EventDate "2010.02.14"]
[EventType "swiss"]
[EventRounds "5"]
[EventCountry "GER"]

1. d4 Nf6 2. Bf4 g6 3. e3 Bg7 4. Nf3 O-O 5. Be2 d6 6. h3 Nc6 7. O-O Nd7 8. c4
e5 9. Bh2 f5 10. Nc3 h6 11. Rc1 g5 12. a3 a5 13. Nb5 f4 14. c5 e4 15. Qb3+ Kh8
16. Nd2 dxc5 17. d5 Nce5 18. exf4 gxf4 19. Nxe4 a4 20. Qd1 f3 21. gxf3 b6 22.
f4 Ng6 23. f5 Rxf5 24. Bg4 Nde5 25. Ng3 Rf8 26. Qc2 Bxg4 27. hxg4 Nf3+ 28. Kg2
Qh4 29. Nf5 Qxg4+ 30. Ng3 Nf4+ 31. Kh1 Qh3 0-1

[Event "Karnevalsopen"]
[Site "Solingen"]
[Date "2010.02.14"]
[Round "4"]
[White "Hobusch, Jan"]
[Black "Rist, Kurt"]
[Result "1-0"]
[WhiteElo "1714"]
[BlackElo "1633"]
[PlyCount "73"]
[EventDate "2010.02.14"]
[EventType "swiss"]
[EventRounds "5"]
[EventCountry "GER"]

1. e4 c5 2. Nf3 d6 3. d4 Nf6 4. Nc3 cxd4 5. Nxd4 a6 6. Be3 g6 7. f3 Bg7 8. Qd2
h5 9. O-O-O Qc7 10. Nb3 Be6 11. h3 h4 12. Bg5 Nbd7 13. Qe1 d5 14. exd5 Bf5 15.
d6 Qd8 16. Bxh4 Bh6+ 17. Kb1 g5 18. dxe7 Qc8 19. Bf2 Bg7 20. Nd2 Nd5 21. Nc4
Nxc3+ 22. bxc3 Rh6 23. g4 Bh7 24. Nd6+ Rxd6 25. Rxd6 b5 26. Bd4 Bxd4 27. Rxd4
b4 28. Rc4 Qb7 29. Rxb4 Qxf3 30. Be2 Qf6 31. Rf1 Qxe7 32. Bf3 Ra7 33. Qf2 Nc5
34. Re1 Ne6 35. Bd5 Rc7 36. Qd2 Rc8 37. Rb7 1-0

[Event "Karnevalsopen"]
[Site "Solingen"]
[Date "2010.02.14"]
[Round "4"]
[White "Falge, Rainer"]
[Black "Westendorp, Christian"]
[Result "0-1"]
[WhiteElo "1599"]
[BlackElo "1829"]
[PlyCount "56"]
[EventDate "2010.02.14"]
[EventType "swiss"]
[EventRounds "5"]
[EventCountry "GER"]

1. e4 e6 2. d4 d5 3. exd5 exd5 4. Nf3 Bg4 5. Be2 c5 6. O-O c4 7. Re1 Be7 8. Ne5
Be6 9. Bg4 Bxg4 10. Qxg4 g6 11. Qf3 f6 12. Ng4 f5 13. Ne3 Nf6 14. Nc3 Nc6 15.
Nexd5 Nxd5 16. Nxd5 Nxd4 17. Qe3 Nc6 18. Nxe7 Nxe7 19. Qxe7+ Qxe7 20. Bg5 Qxe1+
21. Rxe1+ Kd7 22. Re7+ Kc6 23. Bf4 Rae8 24. Rxe8 Rxe8 25. Kf1 Re4 26. Be3 a6
27. Ke2 f4 28. Kf3 fxe3 0-1